[Event "AUT-chT2O 0607"]
[Site "Austria"]
[Date "2007.04.15"]
[Round "11.4"]
[White "Vokroj, Rene"]
[Black "Hangweyrer, Roman"]
[Result "1-0"]
[WhiteElo "2330"]
[BlackElo "2188"]
[PlyCount "77"]
[EventDate "2006.10.06"]
[EventType "team-tourn"]
[EventRounds "11"]
[EventCountry "AUT"]
[SourceTitle "EXT 2007"]
[Source "ChessBase"]
[SourceDate "2006.11.23"]
[SourceVersion "1"]
[SourceVersionDate "2006.11.23"]
[SourceQuality "1"]
[WhiteTeam "Wien Austria"]
[BlackTeam "Zwettl"]
[WhiteTeamCountry "AUT"]
[BlackTeamCountry "AUT"]

1. Nf3 Nf6 2. c4 g6 3. b4 Bg7 4. Bb2 d6 5. g3 0-0 6. Bg2 e5 7. d3 Nc6 8. b5 Ne7 9. 0-0 Nd7 10. Nc3 f5 11. Ng5 Nf6 12. f4 exf4 13. gxf4 Ng4 14. Qb3 Ne3 15. Rf3 Nxg2 16. Kxg2 h6 17. c5+ d5 18. Nh3 c6 19. a4 Be6 20. Nd1 Qd7 21. d4 Bf6 22. Ndf2 g5 23. fxg5 hxg5 24. Nxg5 Bxg5 25. Rg3 Kf7 26. Rxg5 Rg8 27. Rxg8 Rxg8+ 28. Kh1 f4 29. Rg1 Rh8 30. Nd3 Ke8 31. Ne5 Qd8 32. bxc6 bxc6 33. Bc1 Nf5 34. Bxf4 Nxd4 35. Qb2 Nf5 36. Nxc6 d4 37. Nxd8 Bd5+ 38. Rg2 Rg8 39. e4 1-0

[Event "Vienna op-A 15th"]
[Site "Vienna"]
[Date "2006.08.06"]
[Round "9"]
[White "Hangweyrer, Roman"]
[Black "Brod, Manfred"]
[Result "1/2-1/2"]
[WhiteElo "2178"]
[BlackElo "2279"]
[PlyCount "23"]
[EventDate "2006.07.29"]
[EventType "swiss"]
[EventRounds "9"]
[EventCountry "AUT"]
[SourceTitle "CBM 113 Extra"]
[Source "ChessBase"]
[SourceDate "2006.09.14"]
[SourceVersion "1"]
[SourceVersionDate "2006.09.14"]
[SourceQuality "1"]

1. Nf3 c5 2. c4 Nc6 3. d4 cxd4 4. Nxd4 f5 5. Nc3 g6 6. g3 Bg7 7. e3 b6 8. Bg2 Bb7 9. 0-0 Nh6 10. b3 0-0 11. Bb2 Nf7 12. Qd2 1/2-1/2

[Event "Vienna op-A 15th"]
[Site "Vienna"]
[Date "2006.08.04"]
[Round "7"]
[White "Hangweyrer, Roman"]
[Black "Fusi, Christoph"]
[Result "0-1"]
[WhiteElo "2178"]
[BlackElo "2317"]
[PlyCount "112"]
[EventDate "2006.07.29"]
[EventType "swiss"]
[EventRounds "9"]
[EventCountry "AUT"]
[SourceTitle "CBM 113 Extra"]
[Source "ChessBase"]
[SourceDate "2006.09.14"]
[SourceVersion "1"]
[SourceVersionDate "2006.09.14"]
[SourceQuality "1"]

1. c4 c6 2. e4 d5 3. exd5 cxd5 4. d4 Nf6 5. Nc3 Nc6 6. Nf3 Bg4 7. cxd5 Nxd5 8. Qb3 Bxf3 9. gxf3 e6 10. Qxb7 Nxd4 11. Bb5+ Nxb5 12. Qc6+ Ke7 13. Qxb5 Qd7 14. Nxd5+ Qxd5 15. Bg5+ f6 16. Qxd5 exd5 17. Be3 Ke6 18. 0-0-0 Bb4 19. Rd3 Rhd8 20. Rb3 Rac8+ 21. Kb1 Bc5 22. Re1 Kf5 23. Bxc5 Rxc5 24. Rb7 a5 25. Rxg7 h5 26. Rh7 Kg6 27. Ree7 Rdc8 28. Reg7+ Kf5 29. Rxh5+ Kf4 30. Rg1 Kxf3 31. Rf5+ Ke2 32. Rxf6 Kd2 33. a3 Rc1+ 34. Rxc1 Rxc1+ 35. Ka2 d4 36. Kb3 d3 37. Rd6 Rc2 38. f4 Ke3 39. f5 Rxh2 40. f6 Rf2 41. Re6+ Kd4 42. Ka4 Rxb2 43. Kxa5 Rf2 44. Kb5 Rf5+ 45. Kc6 d2 46. Rd6+ Kc3 47. f7 Rxf7 48. Rxd2 Kxd2 49. a4 Rf5 50. Kb6 Kc3 51. a5 Kb4 52. a6 Rf6+ 53. Kb7 Kb5 54. a7 Rf7+ 55. Kb8 Kb6 56. a8N+ Kc6 0-1

[Event "AUT-chT2O 0506"]
[Site "Austria"]
[Date "2006.01.14"]
[Round "5.3"]
[White "Ponjican, Erich"]
[Black "Hangweyrer, Roman"]
[Result "1-0"]
[WhiteElo "2128"]
[BlackElo "2193"]
[PlyCount "111"]
[EventDate "2005.11.19"]
[EventType "team"]
[EventRounds "11"]
[EventCountry "AUT"]
[SourceTitle "EXT 2006"]
[Source "ChessBase"]
[SourceDate "2005.11.24"]
[SourceVersion "1"]
[SourceVersionDate "2005.11.24"]
[SourceQuality "1"]
[WhiteTeam "Tschaturanga"]
[BlackTeam "Zwettl"]
[WhiteTeamCountry "AUT"]
[BlackTeamCountry "AUT"]

1. e4 c5 2. Nf3 Nc6 3. d4 cxd4 4. Nxd4 g6 5. Nc3 Bg7 6. Be3 Nf6 7. Nxc6 bxc6 8. e5 Ng8 9. f4 f6 10. Bc4 Qa5 11. 0-0 fxe5 12. fxe5 Qxe5 13. Bf7+ Kd8 14. Qd2 Nf6 15. Bf4 Qc5+ 16. Kh1 Ba6 17. Rf3 Rf8 18. Be6 Ke8 19. Ne4 Qb6 20. Nxf6+ Rxf6 21. Qxd7+ Kf8 22. Rd1 Be2 23. Bc7 Qxc7 24. Qxc7 Bxd1 25. Rxf6+ Bxf6 26. c3 Bc2 27. Bc8 Bf5 28. Bb7 Re8 29. Bxc6 Rc8 30. Qb7 Rd8 31. Bf3 Rd2 32. Qb8+ Kg7 33. h3 h5 34. a4 h4 35. a5 a6 36. Kg1 Bd7 37. Qb3 Bb5 38. Qb4 Rc2 39. Qb3 Rc1+ 40. Kf2 Rf1+ 41. Ke3 Bg5+ 42. Kd4 Re1 43. c4 Bd7 44. Kc5 Re5+ 45. Kb6 Bd2 46. c5 Bb5 47. Qc2 Be3 48. b4 Kf7 49. Kb7 Bf1 50. Qc3 Bf4 51. Qd4 Bg3 52. Bd5+ e6 53. Be4 g5 54. Qd7+ Kf8 55. Bg6 Bxg2+ 56. Kxa6 1-0

[Event "AUT-chT2O 0506"]
[Site "Austria"]
[Date "2005.11.20"]
[Round "4.5"]
[White "Hangweyrer, Roman"]
[Black "Galavics, Hermann"]
[Result "1/2-1/2"]
[WhiteElo "2193"]
[BlackElo "2099"]
[PlyCount "58"]
[EventDate "2005.11.19"]
[EventType "team"]
[EventRounds "11"]
[EventCountry "AUT"]
[SourceTitle "CBM 109 Extra"]
[Source "ChessBase"]
[SourceDate "2006.01.03"]
[SourceVersion "2"]
[SourceVersionDate "2006.01.03"]
[SourceQuality "1"]

1. c4 c6 2. e4 d5 3. exd5 cxd5 4. d4 Nf6 5. Nc3 e6 6. Nf3 Nc6 7. c5 Ne4 8. Bd3 Nxc3 9. bxc3 e5 10. dxe5 Bxc5 11. 0-0 Be7 12. Re1 Bg4 13. Rb1 Rb8 14. h3 Be6 15. Nd4 Nxd4 16. cxd4 0-0 17. f4 g6 18. f5 gxf5 19. Qh5 Kh8 20. Bxf5 Bxf5 21. Qxf5 Qc8 22. Qf3 Qe6 23. Rb5 Rg8 24. Bf4 Rbc8 25. Rxb7 Bh4 26. Re2 Qf5 27. e6 f6 28. g4 h5 29. g5 Rxg5+ 1/2-1/2

[Event "AUT-chT2O 0304"]
[Site "Austria"]
[Date "2004.02.29"]
[Round "11.4"]
[White "Sandhu, Mario"]
[Black "Hangweyrer, Roman"]
[Result "0-1"]
[WhiteElo "2338"]
[BlackElo "2214"]
[PlyCount "60"]
[EventDate "2003.10.25"]
[EventType "team-tourn"]
[EventRounds "11"]
[EventCountry "AUT"]
[SourceTitle "EXT 2005"]
[Source "ChessBase"]
[SourceDate "2004.11.15"]
[SourceVersion "1"]
[SourceVersionDate "2004.11.15"]
[SourceQuality "1"]
[WhiteTeam "Donaustadt"]
[BlackTeam "Hietzing/Fischer SK"]
[WhiteTeamCountry "AUT"]
[BlackTeamCountry "AUT"]

1. Nf3 Nf6 2. Nc3 d5 3. d4 Bf5 4. Bg5 e6 5. e3 Be7 6. Bd3 Bxd3 7. Qxd3 0-0 8. Ne5 Nbd7 9. f4 c5 10. 0-0 Nxe5 11. dxe5 Nd7 12. Bxe7 Qxe7 13. e4 d4 14. Ne2 f6 15. exf6 Nxf6 16. e5 Nd5 17. a4 Rf7 18. Qe4 Raf8 19. g3 g5 20. Rf3 Kh8 21. c3 gxf4 22. gxf4 Qh4 23. cxd4 cxd4 24. Raf1 Ne3 25. R1f2 Rg8+ 26. Rg3 Rfg7 27. Qf3 Nf5 28. Rxg7 Rxg7+ 29. Kh1 d3 30. Nc3 Ng3+ 0-1

[Event "AUT-chT2O 0304"]
[Site "Austria"]
[Date "2004.02.01"]
[Round "9.2"]
[White "Banas, Jan"]
[Black "Hangweyrer, Roman"]
[Result "1/2-1/2"]
[WhiteElo "2369"]
[BlackElo "2214"]
[PlyCount "71"]
[EventDate "2003.10.25"]
[EventType "team-tourn"]
[EventRounds "11"]
[EventCountry "AUT"]
[SourceTitle "EXT 2005"]
[Source "ChessBase"]
[SourceDate "2004.11.15"]
[SourceVersion "1"]
[SourceVersionDate "2004.11.15"]
[SourceQuality "1"]
[WhiteTeam "Donau Schach Mattes"]
[BlackTeam "Hietzing/Fischer SK"]
[WhiteTeamCountry "AUT"]
[BlackTeamCountry "AUT"]

1. c4 Nf6 2. Nc3 g6 3. e4 d6 4. d4 Bg7 5. Nge2 a6 6. f3 0-0 7. Bg5 Nc6 8. Qd2 Rb8 9. d5 Na5 10. Nc1 c5 11. Nb3 Bd7 12. Nd1 Nxb3 13. axb3 Qb6 14. Qc2 e6 15. Bd3 exd5 16. cxd5 Rbe8 17. Nc3 h5 18. Be3 Nh7 19. 0-0 f5 20. Bf2 h4 21. h3 Qd8 22. exf5 gxf5 23. f4 Qf6 24. Kh1 Kh8 25. Rae1 b5 26. Rxe8 Rxe8 27. Ra1 Bc8 28. Re1 Rxe1+ 29. Bxe1 Nf8 30. Qe2 Qh6 31. Bd2 Bd7 32. Qe7 Qf6 33. Qxf6 Bxf6 34. Kg1 Bd4+ 35. Kf1 Kg7 36. Nd1 1/2-1/2

[Event "AUT-chT2O 0304"]
[Site "Austria"]
[Date "2003.11.22"]
[Round "3.4"]
[White "Hangweyrer, Roman"]
[Black "Wanderer, Thomas"]
[Result "1-0"]
[WhiteElo "2214"]
[BlackElo "2215"]
[PlyCount "97"]
[EventDate "2003.10.25"]
[EventType "team-tourn"]
[EventRounds "11"]
[EventCountry "AUT"]
[SourceTitle "EXT 2005"]
[Source "ChessBase"]
[SourceDate "2004.11.15"]
[SourceVersion "1"]
[SourceVersionDate "2004.11.15"]
[SourceQuality "1"]
[WhiteTeam "Hietzing/Fischer SK"]
[BlackTeam "Eichgraben/Pressbaum"]
[WhiteTeamCountry "AUT"]
[BlackTeamCountry "AUT"]

1. Nf3 Nf6 2. c4 c5 3. Nc3 d5 4. cxd5 Nxd5 5. g3 Nc6 6. Bg2 Nc7 7. d3 e5 8. 0-0 Be7 9. a4 Be6 10. Nd2 0-0 11. Nc4 Nd5 12. Nxd5 Bxd5 13. Bxd5 Qxd5 14. Bd2 Rad8 15. Bc3 b6 16. Qb3 f5 17. a5 Rb8 18. axb6 axb6 19. e4 Qf7 20. Qb5 Qe6 21. Ra6 Bd8 22. Nxb6 Bxb6 23. Rxb6 Nd4 24. Rxe6 Rxb5 25. Re7 fxe4 26. dxe4 Rf7 27. Re8+ Rf8 28. Rxf8+ Kxf8 29. Kg2 Ke7 30. Ra1 Nc6 31. Ra8 Rb7 32. f4 g6 33. fxe5 Nd4 34. Rc8 Ne6 35. Kf3 Ng5+ 36. Ke3 Ne6 37. g4 Kd7 38. Rh8 Kc6 39. h4 Rf7 40. Rc8+ Kb5 41. Re8 Nf4 42. e6 Ng2+ 43. Ke2 Nf4+ 44. Kd2 Rb7 45. Be5 Ng2 46. Rb8 Rxb8 47. Bxb8 Kc6 48. Bg3 h6 49. g5 1-0

[Event "AUT-chT 0203"]
[Site "Austria"]
[Date "2003.01.26"]
[Round "8"]
[White "Hangweyrer, Roman"]
[Black "Bokros, Albert"]
[Result "0-1"]
[WhiteElo "2162"]
[BlackElo "2420"]
[PlyCount "94"]
[EventDate "2002.12.05"]
[EventType "team-tourn"]
[EventRounds "11"]
[EventCountry "AUT"]
[SourceTitle "EXT 2004"]
[Source "ChessBase"]
[SourceDate "2003.11.25"]
[SourceVersion "1"]
[SourceVersionDate "2003.11.25"]
[SourceQuality "1"]
[WhiteTeam "Hietzing/Fischer SK"]
[BlackTeam "Melk-Wachau SK NOE"]
[WhiteTeamCountry "AUT"]
[BlackTeamCountry "AUT"]

1. Nf3 e6 2. c4 Nf6 3. g3 d5 4. Bg2 Be7 5. 0-0 0-0 6. d4 dxc4 7. Ne5 Nbd7 8. Nxc4 Nb6 9. Nxb6 axb6 10. Nc3 c6 11. e4 b5 12. Be3 b4 13. Ne2 Qa5 14. Nc1 Rd8 15. Nb3 Qb5 16. Bf3 e5 17. Be2 Qa4 18. Qc2 exd4 19. Bxd4 Be6 20. Bc4 Rxd4 21. Bxe6 Rxe4 22. Bf5 Re5 23. Rfe1 Rxe1+ 24. Rxe1 Bf8 25. Ra1 Qb5 26. Bd3 Qh5 27. Be2 Qe5 28. Bf3 g6 29. Nd2 Bg7 30. Nc4 Qc5 31. Qb3 Nd5 32. Rd1 Bd4 33. Kg2 Bxf2 34. Bxd5 cxd5 35. Ne5 Bd4 36. Nd7 Qd6 37. Rxd4 Qxd7 38. Rxb4 Rb8 39. Rd4 Re8 40. Qd3 Qc6 41. Qd2 Re4 42. a4 Qe6 43. Rxe4 Qxe4+ 44. Kh3 d4 45. b4 d3 46. Qc3 Qe6+ 47. Kg2 Qe2+ 0-1

[Event "Ernst Stoeckl Memorial 1st"]
[Site "Vienna"]
[Date "2002.02.06"]
[Round "5.1"]
[White "Hangweyrer, Roman"]
[Black "Janetschek, Karl"]
[Result "1/2-1/2"]
[WhiteElo "2081"]
[BlackElo "2293"]
[PlyCount "37"]
[EventDate "2002.02.02"]
[EventType "swiss"]
[EventRounds "9"]
[EventCountry "AUT"]
[SourceTitle "EXT 2003"]
[Source "ChessBase"]
[SourceDate "2002.11.25"]
[SourceVersion "1"]
[SourceVersionDate "2002.11.25"]
[SourceQuality "1"]

1. Nf3 g6 2. c4 c5 3. Nc3 Nc6 4. e3 Nf6 5. d4 d6 6. d5 Nb8 7. Be2 Bg7 8. 0-0 0-0 9. e4 e6 10. dxe6 Bxe6 11. Bf4 Ne8 12. Qd2 Nc6 13. Nb5 Ne5 14. Bxe5 Bxe5 15. Nxe5 dxe5 16. Rad1 Qe7 17. f4 exf4 18. Qxf4 f6 19. b3 1/2-1/2

[Event "Ernst Stoeckl Memorial 1st"]
[Site "Vienna"]
[Date "2002.02.05"]
[Round "4.1"]
[White "Havlicek, Josef"]
[Black "Hangweyrer, Roman"]
[Result "0-1"]
[WhiteElo "2147"]
[BlackElo "2081"]
[PlyCount "68"]
[EventDate "2002.02.02"]
[EventType "swiss"]
[EventRounds "9"]
[EventCountry "AUT"]
[SourceTitle "EXT 2003"]
[Source "ChessBase"]
[SourceDate "2002.11.25"]
[SourceVersion "1"]
[SourceVersionDate "2002.11.25"]
[SourceQuality "1"]

1. d4 Nf6 2. c4 g6 3. Nc3 Bg7 4. e4 d6 5. Nf3 0-0 6. Be2 e5 7. 0-0 Nc6 8. d5 Ne7 9. b4 Nh5 10. c5 f5 11. Ng5 Nf4 12. Bc4 h6 13. Nf3 fxe4 14. Nxe4 Bg4 15. Rb1 Nxg2 16. Rb3 Nh4 17. Be2 Nef5 18. Nxh4 Bxe2 19. Qxe2 Qxh4 20. Bb2 Qf4 21. Rh3 Nd4 22. Bxd4 exd4 23. cxd6 cxd6 24. Re1 Rae8 25. f3 g5 26. Rg3 Qf5 27. Qg2 Qxd5 28. h4 d3 29. hxg5 d2 30. Rd1 Qd4+ 31. Kh1 Rxe4 32. fxe4 Rf2 33. gxh6 Rxg2 34. Rxg2 Qxe4 0-1

[Event "Schlechter Memorial"]
[Site "Vienna"]
[Date "1996.??.??"]
[Round "3"]
[White "Hangweyrer, Roman"]
[Black "Bawart, Markus"]
[Result "1/2-1/2"]
[WhiteElo "2205"]
[BlackElo "2255"]
[PlyCount "41"]
[EventDate "1996.10.10"]
[EventType "swiss"]
[EventRounds "9"]
[EventCountry "AUT"]
[SourceTitle "CBM 055 Extra"]
[Source "ChessBase"]
[SourceDate "1997.01.01"]
[SourceVersion "1"]
[SourceVersionDate "1997.01.01"]
[SourceQuality "1"]

1. c4 c5 2. Nc3 Nc6 3. g3 g6 4. Bg2 Bg7 5. Nf3 d6 6. 0-0 e5 7. d3 Nge7 8. a3 0-0 9. Rb1 a5 10. Nd5 Nxd5 11. cxd5 Ne7 12. e4 a4 13. b4 axb3 14. Qxb3 Ra6 15. Be3 b6 16. Nd2 Bd7 17. Rfc1 f5 18. Bg5 Bf6 19. Bh6 Rf7 20. Nf3 Nc8 21. Bh3 1/2-1/2